<?xml version="1.0" encoding="UTF-8"?>
<record
    xmlns:xsi="http://www.w3.org/2001/XMLSchema-instance"
    xsi:schemaLocation="http://www.loc.gov/MARC21/slim http://www.loc.gov/standards/marcxml/schema/MARC21slim.xsd"
    xmlns="http://www.loc.gov/MARC21/slim">

  <leader>00876nam a22002177a 4500</leader>
  <controlfield tag="001">76091</controlfield>
  <controlfield tag="003">BD-RjUL</controlfield>
  <controlfield tag="005">20211209082804.0</controlfield>
  <controlfield tag="008">191024s2019    bg ||||| b||| 00| 0 ben d</controlfield>
  <datafield tag="020" ind1=" " ind2=" ">
    <subfield code="a">9789849334002</subfield>
  </datafield>
  <datafield tag="035" ind1=" " ind2=" ">
    <subfield code="a">(BD-RjUL)76311</subfield>
  </datafield>
  <datafield tag="040" ind1=" " ind2=" ">
    <subfield code="a">BD-RjUL</subfield>
    <subfield code="b">eng</subfield>
    <subfield code="c">BD-RjUL</subfield>
  </datafield>
  <datafield tag="041" ind1=" " ind2=" ">
    <subfield code="a">eng</subfield>
  </datafield>
  <datafield tag="082" ind1=" " ind2=" ">
    <subfield code="2">23</subfield>
    <subfield code="a">302.23</subfield>
    <subfield code="b">ISB 2019</subfield>
  </datafield>
  <datafield tag="100" ind1=" " ind2=" ">
    <subfield code="a">&#x987;&#x9B8;&#x9B2;&#x9BE;&#x9AE;, &#x9AE;&#x988;&#x9A8;&#x9C1;&#x9B2; </subfield>
    <subfield code="9">234016</subfield>
  </datafield>
  <datafield tag="245" ind1=" " ind2=" ">
    <subfield code="a">&#x9AC;&#x9BF;&#x9B6;&#x9CD;&#x9AC;&#x9BE;&#x9AF;&#x9BC;&#x9A8;, &#x9B8;&#x9BE;&#x982;&#x9B8;&#x9CD;&#x995;&#x9C3;&#x9A4;&#x9BF;&#x995; &#x986;&#x997;&#x9CD;&#x9B0;&#x9BE;&#x9B8;&#x9A8; &#x993; &#x997;&#x9A3;&#x9AE;&#x9BE;&#x9A7;&#x9CD;&#x9AF;&#x9AE; :</subfield>
    <subfield code="b">&#x9AC;&#x9B9;&#x9C1;&#x9AE;&#x9BE;&#x9A4;&#x9CD;&#x9B0;&#x9BF;&#x995; &#x9AA;&#x9CD;&#x9B0;&#x9AD;&#x9BE;&#x9AC;-&#x9AA;&#x9CD;&#x9B0;&#x9A4;&#x9BF;&#x9AC;&#x9AF;&#x9BC;&#x9BE;&#x9A8; /</subfield>
    <subfield code="c">&#x9AE;&#x988;&#x9A8;&#x9C1;&#x9B2; &#x987;&#x9B8;&#x9B2;&#x9BE;&#x9AE; </subfield>
  </datafield>
  <datafield tag="260" ind1=" " ind2=" ">
    <subfield code="a">&#x9A2;&#x9BE;&#x995;&#x9BE; :</subfield>
    <subfield code="b">&#x9B6;&#x9BF;&#x996;&#x9BE; &#x9AA;&#x9CD;&#x9B0;&#x995;&#x9BE;&#x9B6;&#x9A8;&#x9C0;,</subfield>
    <subfield code="c">&#x9E8;&#x9E6;&#x9E7;&#x9EF;</subfield>
  </datafield>
  <datafield tag="300" ind1=" " ind2=" ">
    <subfield code="a">&#x9E9;&#x9E7;&#x9E8; &#x9AA;&#x9C3;. :</subfield>
    <subfield code="b">&#x99A;&#x9BF;&#x9A4;&#x9CD;&#x9B0; ;</subfield>
    <subfield code="c">&#x9E8;&#x9E8; &#x9B8;&#x9C7;&#x9AE;&#x9BF;.</subfield>
  </datafield>
  <datafield tag="650" ind1=" " ind2=" ">
    <subfield code="a">Mass media and globalization.</subfield>
    <subfield code="9">234017</subfield>
  </datafield>
  <datafield tag="942" ind1=" " ind2=" ">
    <subfield code="2">ddc</subfield>
    <subfield code="c">BK</subfield>
  </datafield>
  <datafield tag="999" ind1=" " ind2=" ">
    <subfield code="c">76091</subfield>
    <subfield code="d">76091</subfield>
  </datafield>
  <datafield tag="952" ind1=" " ind2=" ">
    <subfield code="0">0</subfield>
    <subfield code="1">0</subfield>
    <subfield code="2">ddc</subfield>
    <subfield code="4">0</subfield>
    <subfield code="7">1</subfield>
    <subfield code="a">RUCL</subfield>
    <subfield code="b">RUCL</subfield>
    <subfield code="c">Reading</subfield>
    <subfield code="d">2019-05-09</subfield>
    <subfield code="e">Vidyasagar, Rajshahi</subfield>
    <subfield code="g">400.00</subfield>
    <subfield code="l">0</subfield>
    <subfield code="o">B 302.23 ISB 2019</subfield>
    <subfield code="r">2019-10-24 00:00:00</subfield>
    <subfield code="t">C-1</subfield>
    <subfield code="w">2019-10-24</subfield>
    <subfield code="y">BK</subfield>
  </datafield>
</record>
